000 01059nam a22002297a 4500
999 _c63453
_d63453
005 20251125233103.0
008 s2554 th ||||| |||| 00| 0 tha d
020 _a9786165082839
040 _aNALT
050 _aDS589.B2 ส282ต 2554
100 0 _aสุพรรณี
245 1 0 _aตามรอยประวัติศาสตร์เกาะรัตนโกสินทร์
260 3 _aกรุงเทพฯ :
_bแสงดาว,
_c2554
300 _a377 หน้า :
_b ภาพประกอบ ;
_c 21 ซม.
650 0 4 _aไทย -- ประวัติศาสตร์ -- กรุงรัตนโกสินทร์, 2516--
650 0 4 _aกรุงเทพฯ -- ประวัติศาสตร์
650 0 4 _aเกาะรัตนโกสินทร์
850 _aNALT
856 4 0 _uhttps://hdl.handle.net/20.500.14156/411669
_71
942 _cGB
_2lcc
_07
998 _j111
_k นางสาวพจพิณ พรมเอี่ยม